000 00727nam a22002417a 4500
003 UA-OsUOA
001 73050
007 ta
008 20110210b un ||||| |||| 00| 0 ukr d
100 _aГерасименко С.С.
700 _aЧуприна О.А.
700 _aЧуприна О.О.
090 _a330(477)
_bГ37
942 _cSA
040 _aUA-OsUOA
_bukr
_cUA-OsUOA
_dUA-OsUOA
245 _aУкраїна у сучасному світі: порівняльна багатомірна оцінка
300 _aС.31-37
955 _a0
041 _aukr
080 _a330(477)
773 0 _w73048
_tСтатистика України
_dК.
_d2010
_g4
650 7 _a330 Економіка взагалі
_2UDC
999 _c359332
_d359332